Statistiques concernant Drapeaux de pays contenant de l'orange

Cliquez ici pour prendre le quiz!

Statistiques générales

  • Ce quiz a été pris 108 fois
  • Le résultat moyen est 6 sur 7

Statistiques - réponses

Réponse% Correct
Inde
99%
Irlande
99%
Côte d'Ivoire
96%
Bhoutan
92%
Sri Lanka
92%
Arménie
87%
Niger
77%

Distribution des résultats

Percentile par nombre de réponses

% des personnes avec chaque résultat

Votre développement - résultats

Vous n’avez pas pris ce quiz